One Time Password Based Lock System / (Record no. 212163)

000 -LEADER
fixed length control field 00775 a2200193 4500
003 - CONTROL NUMBER IDENTIFIER
control field NUST
005 - DATE AND TIME OF LATEST TRANSACTION
control field 20251216182755.0
040 ## - CATALOGING SOURCE
Transcribing agency Nust
082 ## - DEWEY DECIMAL CLASSIFICATION NUMBER
Classification number 621.382,UMB
100 ## - MAIN ENTRY--PERSONAL NAME
Personal name Umbreen, Bakhtawar (TCC-22)
9 (RLIN) 132342
245 ## - TITLE STATEMENT
Title One Time Password Based Lock System /
Statement of responsibility, etc. Bakhtawar Umbreen, Aysha Bashir, Faiza Murtaza and Sehrish Ajmal Malik TCC-22
260 ## - PUBLICATION, DISTRIBUTION, ETC.
Place of publication, distribution, etc. Rawalpindi
Name of publisher, distributor, etc. MCS (NUST)
Date of publication, distribution, etc. June 2014
300 ## - PHYSICAL DESCRIPTION
Extent 88 p.;
505 ## - FORMATTED CONTENTS NOTE
Formatted contents note Introduction (Page-1), Literature Review (Page-7), Technological Requirements (Page-26), Hardware Design and Development (Page-41), Analysis and Evaluation (Page-57), Future Work and Conclusion (Page-69).
650 ## - SUBJECT ADDED ENTRY--TOPICAL TERM
Topical term or geographic name entry element UG Project
9 (RLIN) 131132
651 ## - SUBJECT ADDED ENTRY--GEOGRAPHIC NAME
Geographic name TCC-22
9 (RLIN) 131223
700 ## - ADDED ENTRY--PERSONAL NAME
Personal name Supervised by Brig Fahim Arif
9 (RLIN) 132343
942 ## - ADDED ENTRY ELEMENTS (KOHA)
Koha item type Project Report
Source of classification or shelving scheme
Holdings
Withdrawn status Lost status Source of classification or shelving scheme Damaged status Not for loan Permanent Location Current Location Shelving location Date acquired Full call number Barcode Date last seen Price effective from Koha item type Public note
          Military College of Signals (MCS) Military College of Signals (MCS) Reference 12/12/2016 621.382,UMB MCSPTC-213 12/08/2016 12/12/2016 Project Report Almirah No. 94, Shelf No. 4
© 2023 Central Library, National University of Sciences and Technology. All Rights Reserved.